000 00638nam a2200205Ia 4500
003 OSt
005 20260525151501.0
008 210210b1995 xxu||||| |||| 00| 0 eng d
040 _cAL
041 _aKannada
082 _a523.092K NARS
100 _aNARAYANARAV (J T)
_9184182
_dನಾರಾಯಣರಾವ್ (ಜೆಟಿ)
245 _aSubrahmanyan Chandrashekhar
_bಸುಬ್ರಹ್ಮಣ್ಯನ್ ಚಂದ್ರಶೇಖರ್
260 _aMangaluru
_bAtri Buk Sentar
_c1995
300 _axxiv,408
650 _aSubrahmanyan Chandrashekar
_9184183
690 _aBiography
_9184184
906 _a050773
942 _2ddc
_cBK
999 _c99347
_d99347